Statistieken voor Landen van het Midden-Oosten op een Lege Kaart

Klik hier om de quiz te nemen!

Algemene statistieken

  • Deze quiz is 332 keer genomen
  • De gemiddelde score is 16 van 17

Antwoorden op de kaart

Antwoorden kleurgecodeerd door een groen-rode schaal op de quizkaart volgens % correct hieronder.
Laden...
 

Antwoordstatistieken

Land% Correct
Irak
99%
Iran
99%
Israël
99%
Palestina
99%
Saoedi-Arabië
98%
Syrië
98%
Jemen
96%
Jordanië
96%
Oman
96%
Verenigde Arabische Emiraten
95%
Qatar
94%
Libanon
92%
Turkije
91%
Koeweit
90%
Egypte
90%
Bahrein
86%
Cyprus
84%

Scoreverdeling

Percentiel versus Aantal Correcte Antwoorden

Procent van Mensen met Elke Score

Uw Scoregeschiedenis

U heeft deze quiz nog niet genomen